| 000 | 00898nam a22002057a 4500 | ||
|---|---|---|---|
| 003 | OSt | ||
| 005 | 20150408113912.0 | ||
| 008 | 110825s jo ||||| |||| 00| 0 ara d | ||
| 040 | _cدار أجنادين | ||
| 082 |
_221 _a005.74 _bخ م د |
||
| 100 |
_aخريسات، محمد سليمان _93253 |
||
| 245 |
_aالدليل العملي لنظم إدارة قواعد البيانات = _bLAB manual Oracle 10 g (data base) : data base management system / _cمحمد سليمان خريسات. |
||
| 246 | _aLAB manual Oracle 10 g (data base) : data base management system | ||
| 250 | _aط. 1. | ||
| 260 |
_aعمان، الأردن _bدار الإعصار العلمي ؛ _bمكتبة المجتمع العربي، _c2010 |
||
| 300 |
_a171 ص. : _bأشكال ؛ _c24 سم. |
||
| 650 |
_aقواعد البيانات. _93106 |
||
| 650 |
_aأوراكل (ملف حاسوب) _93254 |
||
| 942 |
_2ddc _cDVD |
||
| 999 |
_c13594 _d248094 |
||